| 000 | 00847nam a22002417a 4500 | ||
|---|---|---|---|
| 999 |
_c64893 _d64893 |
||
| 005 | 20240530110756.0 | ||
| 008 | 190108s2017 ua g b 000 0 ara d | ||
| 017 |
_a2016/19605 _bمصر. دار الكتب |
||
| 020 | _a9789777960809 | ||
| 040 |
_aEG-CaGPL _cEG-CaGPL |
||
| 082 | 0 | 4 |
_221 _a185/ _bف ع |
| 100 | 0 | _aفيصل محمد البحيرى | |
| 245 | 1 | 2 |
_aالعدالة عند ارسطو / _cفيصل محمد البحيرى |
| 250 | _aط.1 | ||
| 260 |
_aالقاهرة : _bمركز الدراسات العربية للنشر والتوزيع، _c2017. |
||
| 300 |
_a116 ص. ؛ _c24 سم. |
||
| 504 | _aيشتمل على ارجاعات ببليوجرافية | ||
| 600 | 1 | _aارسطو | |
| 650 | 0 | 7 |
_2qrmak _aالارسطية ( فلسفة ) |
| 651 | _2qrmak | ||
| 942 |
_2ddc _cBK |
||